Human rights and the world's major religions. (Record no. 14830)
[ view plain ]
| 000 -LEADER | |
|---|---|
| fixed length control field | 01274nam a22003132 4500 |
| 001 - CONTROL NUMBER | |
| control field | 0000000419 |
| 005 - DATE AND TIME OF LATEST TRANSACTION | |
| control field | 20151217161126.0 |
| 008 - FIXED-LENGTH DATA ELEMENTS--GENERAL INFORMATION | |
| fixed length control field | 070201s xx 000 0 eng d |
| 020 ## - INTERNATIONAL STANDARD BOOK NUMBER | |
| International Standard Book Number | 0275980472 (v. 1) : |
| 020 ## - INTERNATIONAL STANDARD BOOK NUMBER | |
| International Standard Book Number | 0313301344 (v. 2) |
| 020 ## - INTERNATIONAL STANDARD BOOK NUMBER | |
| International Standard Book Number | 0275980456 (v. 3) |
| 020 ## - INTERNATIONAL STANDARD BOOK NUMBER | |
| International Standard Book Number | 0275983811 (v. 4) |
| 020 ## - INTERNATIONAL STANDARD BOOK NUMBER | |
| International Standard Book Number | 0313313180 (v. 5) |
| 040 ## - CATALOGING SOURCE | |
| Original cataloging agency | KABU |
| Transcribing agency | KABU |
| 050 #0 - LIBRARY OF CONGRESS CALL NUMBER | |
| Classification number | BL65 |
| Item number | .H78H86 |
| 245 10 - TITLE STATEMENT | |
| Title | Human rights and the world's major religions. |
| 260 ## - PUBLICATION, DISTRIBUTION, ETC. (IMPRINT) | |
| Place of publication, distribution, etc. | London : |
| Name of publisher, distributor, etc. | Praeger, |
| Date of publication, distribution, etc. | 2005. |
| 300 ## - PHYSICAL DESCRIPTION | |
| Extent | 5 v. |
| 505 8# - FORMATTED CONTENTS NOTE | |
| Formatted contents note | v. 1: The Jewish tradition / Peter J. Haas; v. 2: The Christian tradition / William H. Brackney; v. 3: The Islamic tradition / Muddathir Abd al-Rahim; v. 4: The Hindu tradition / Harold Coward; v. 5: The Buddhist tradition / Robert E. Florida. |
| 650 #0 - SUBJECT ADDED ENTRY--TOPICAL TERM | |
| Topical term or geographic name as entry element | Human rights |
| General subdivision | Religious aspects. |
| -- | 0000148600 |
| 700 1# - ADDED ENTRY--PERSONAL NAME | |
| Personal name | Haas, Peter J. |
| -- | 0000148601 |
| 908 ## - PUT COMMAND PARAMETER (RLIN) | |
| Put command parameter | 070201 |
| 950 ## - LOCAL HOLDINGS (RLIN) | |
| -- | 1 |
| Withdrawn status | Lost status | Source of classification or shelving scheme | Not for loan | Home library | Current library | Date acquired | Total Checkouts | Full call number | Barcode | Date last seen | Price effective from | Koha item type |
|---|---|---|---|---|---|---|---|---|---|---|---|---|
| Library of Congress Classification | Not For Loan | Kabarak, Main Campus | Kabarak, Main Campus | 17/12/2015 | BL65 .H78H86 | 003582 | 17/12/2015 | 17/12/2015 | Reference | |||
| Library of Congress Classification | Not For Loan | Kabarak, Main Campus | Kabarak, Main Campus | 17/12/2015 | BL65 .H78H86 | 003583 | 17/12/2015 | 17/12/2015 | Reference | |||
| Library of Congress Classification | Not For Loan | Kabarak, Main Campus | Kabarak, Main Campus | 17/12/2015 | BL65 .H78H86 | 003584 | 17/12/2015 | 17/12/2015 | Reference | |||
| Library of Congress Classification | Not For Loan | Kabarak, Main Campus | Kabarak, Main Campus | 17/12/2015 | BL65 .H78H86 | 003585 | 17/12/2015 | 17/12/2015 | Reference | |||
| Library of Congress Classification | Not For Loan | Kabarak, Main Campus | Kabarak, Main Campus | 17/12/2015 | BL65 .H78H86 | 003586 | 17/12/2015 | 17/12/2015 | Reference |